Can you name every brand of shoe Quiz Stats

Quiz not verified by Sporcle

Challenge
Share
Tweet
Embed
Score 0/10 Timer 04:00
0 Plays Today
Hint Answer % Correct
Nike
100%
Adidas
87.5%
Reebok
82.1%
Jordan
80.4%
Converse
78.6%
Under armour
62.5%
New balance
60.7%
RPuma
55.4%
Vans
50%
Asics
42.9%

You're not logged in!

Compare scores with friends on all Sporcle quizzes.
Sign Up with Email
OR
Log In

You Might Also Like...

Show Comments

Extras

Top Quizzes Today


Score Distribution

Your Account Isn't Verified!

In order to create a playlist on Sporcle, you need to verify the email address you used during registration. Go to your Sporcle Settings to finish the process.